000 00300nam a22001337a 4500
003 SGT
082 _a954
_bS06N
100 _aNISHANTKETU, AACHARYA
245 _aSAHITYA KE ETIHASIK ABHIBHASAN
260 _bNIRMAL PUBLICATIONS
_c2006
300 _a304
650 _aINDIAN HISTORY
942 _2ddc
_cBK
999 _c27899
_d27899